Casándose
Сохранить в:
| Главный автор: | |
|---|---|
| Формат: | |
| Язык: | испанский |
| Опубликовано: |
Buenos Aires
Sudamericana
1964
|
| Предметы: | |
| Метки: |
Добавить метку
Нет меток, Требуется 1-ая метка записи!
|
MARC
| LEADER | 00000cam a2200000 a 4500 | ||
|---|---|---|---|
| 001 | UCF8513 | ||
| 003 | CL-VaPUC | ||
| 008 | 130829e19640000ag |||||||||||||||||spa|d | ||
| 082 | 0 | 4 | |a 822 |b SHA |2 21 |
| 100 | 0 | |a Shaw, George Bernard |e author |9 322529 | |
| 245 | 1 | 0 | |a Casándose |
| 246 | 1 | 3 | |a La verdad sobre Blanco Posnet |
| 300 | |a 381 p | ||
| 942 | |c BK | ||
| 945 | |d 20130829 16:45:00 |a dcastane | ||
| 260 | |a Buenos Aires |b Sudamericana |c 1964 | ||
| 650 | 7 | |a DRAMAS IRLANDESES |2 CL-VaPUC |9 570601 | |
| 650 | 0 | |a Literatura irlandesa |9 349943 | |
| 583 | |a last modification |c 20130829 16:45:00 |k Rodrigo Vera | ||
| 999 | |c 353084 |d 353082 | ||
| 952 | |0 0 |1 0 |3 erb |4 0 |6 822_000000000000000_SHA_1964 |7 0 |8 P |9 457982 |a BIBEDU |b BIBEDU |c BIBEDU_PB |d 2019-11-23 |i 4998146 |o 822 SHA 1964 |p 4998146 |r 2024-01-25 |w 2019-11-23 |y BK |z Catalogado en:20130829 |k LIT | ||